Anar al contingut
VuFind
Idioma
English
Deutsch
Español
Français
Italiano
日本語
Nederlands
Português
Português (Brasil)
中文(简体)
中文(繁體)
Türkçe
עברית
Gaeilge
Cymraeg
Ελληνικά
Català
Euskara
Русский
Čeština
Suomi
Svenska
polski
Dansk
slovenščina
اللغة العربية
বাংলা
Galego
Tiếng Việt
Hrvatski
हिंदी
Tots els camps
Títol
Autor
Matèria
Signatura
ISBN/ISSN
Etiqueta
Trobar
Avançada
Cerca
ومضات علي النقد الحديث /...
Citar
Enviar per correu electrònic aquest
Imprimir
Exportar registre
Exportar a RefWorks
Exportar a EndNoteWeb
Exportar a EndNote
permanent_link
Carregant...
ومضات علي النقد الحديث /
other_versions_link
Dades bibliogràfiques
Autor principal:
أحمد إبراهيم رحمة الله
Fons
Descripció
other_versions_title
Ítems similars
Visualització del personal
LEADER
00321nam a2200097Ia 4500
008
150527150527b xxu||||| |||| 00| 0 ara d
082
|a
809.9
100
|a
أحمد إبراهيم رحمة الله
245
|c
by أحمد إبراهيم رحمة الله
|a
ومضات علي النقد الحديث /
942
|c
BK
999
|c
171502
|d
171502
Ítems similars
ومضات علي النقد الحديث /
per: أحمد إبراهيم رحمة الله
ومضات علي النقد الحديث /
per: أحمد إبراهيم رحمة الله
ومضات علي النقد الحديث /
per: أحمد إبراهيم رحمة الله
ومضات علي النقد الحديث /
per: أحمد إبراهيم رحمة الله
ومضات علي النقد الحديث /
per: أحمد إبراهيم رحمة الله
Carregant...